| 000 | 00468nam a2200181Ia 4500 | ||
|---|---|---|---|
| 001 | 9862 | ||
| 005 | 20260306161749.0 | ||
| 008 | 260306t1993||||xx |||||||||||||| ||spa|| | ||
| 041 | _aESP | ||
| 082 |
_a801.952 _bT28 |
||
| 100 |
_aFacultad de Filosofía y Letras de Burgos _eAUT |
||
| 245 | 0 | _aTeatro clásico y teatro europeo (sesiones I y II) | |
| 260 | _c1993 | ||
| 300 |
_a101 páginas : _c23 cm. |
||
| 650 | _aGEN | ||
| 654 | _aCHU | ||
| 942 |
_cLIB _dJUS _fJUS _2ddc _n |
||
| 999 |
_c9862 _d9862 |
||